Normal view
MARC view
- Srivastava, Rajeev,
Entry Personal Name
001 - CONTROL NUMBER
- control field: 6675
003 - CONTROL NUMBER IDENTIFIER
- control field: URS
005 - DATE AND TIME OF LATEST TRANSACTION
- control field: 20260312205624.0
008 - FIXED-LENGTH DATA ELEMENTS
- fixed length control field: 260312|| aca||aabn | a|a d
040 ## - CATALOGING SOURCE
- Original cataloging agency: URS
100 ## - HEADING--PERSONAL NAME
- Personal name: Srivastava, Rajeev,
- Relator term: author.